[Event "IECG QN.2000.0.00141"]
[Site "IECG email"]
[Date "2000.09.17"]
[Round "?"]
[White "Kelchak, Joe"]
[Black "Reynolds, Darren"]
[Result "1-0"]
[WhiteElo "403"]
[BlackElo "800"]
[PlyCount "37"]
[EventDate "2000.09.17"]
[EventType "tourn (corr)"]
[EventRounds "6"]
[SourceTitle "Corr 2008"]
[Source "ChessBase"]
[SourceDate "2008.06.24"]
[SourceVersion "1"]
[SourceVersionDate "2008.06.24"]
[SourceQuality "1"]

1. d4 d5 2. c4 dxc4 3. Nf3 Nf6 4. e3 e6 5. Bxc4 c5 6. 0-0 cxd4 7. Nxd4 Be7 8. Nc3 0-0 9. Qf3 Nbd7 10. Ne4 Ne5 11. Nxf6+ Bxf6 12. Qe2 Nxc4 13. Qxc4 e5 14. Nf3 Be6 15. Qe4 Qd5 16. Nd2 Rfd8 17. Qxd5 Bxd5 18. e4 Bc6 19. Nf3 1-0